| 000 | 00426nam a2200181Ia 4500 | ||
|---|---|---|---|
| 999 |
_c45255 _d45255 |
||
| 003 | 0100 | ||
| 005 | 20180301093845.0 | ||
| 008 | 130303s9999 xx 000 0 und d | ||
| 040 | _cARRUPELIB | ||
| 050 | _aDT83.G2 1961 | ||
| 100 |
_aGardiner, Alan Henderson _939948 |
||
| 245 |
_aEgypt of the Pharaohs: _ban introduction / |
||
| 260 |
_aNew York _bOxford University Press _c1961 |
||
| 300 | _a461p. | ||
| 300 | _b 21cm | ||
| 650 |
_aEgypt _xHistory _yTo 322 BC _939949 |
||
| 942 |
_2lcc _cMONOGRAPH |
||